[Event "16 Dubai Open 2014"]
[Site "Dubai Chess Club"]
[Date "2014.04.07"]
[Round "1"]
[Board "18"]
[White "Iordachescu, Viorel"]
[Black "Marcos, Marvin"]
[Result "1-0"]
[WhiteElo "2601"]
[BlackElo "2111"]
[PlyCount "0"]
[EventDate "2014.04.07"]
[EventRounds "9"]
[EventCountry "UAE"]

1. e4 {[%clk 1:30:34]} e6 {[%clk 1:30:53]} 2. d4 {[%clk 1:30:35]} d5
{[%clk 1:31:14]} 3. Nc3 {[%clk 1:30:54]} Nc6 {[%clk 1:29:12]} 4. Be3
{[%clk 1:29:57]} Bb4 {[%clk 1:26:11]} 5. e5 {[%clk 1:29:04]} f6 {[%clk 1:19:57]}
6. f4 {[%clk 1:28:52]} Qe7 {[%clk 1:19:37]} 7. Bd3 {[%clk 1:27:42]} Bd7
{[%clk 1:19:04]} 8. Qh5+ {[%clk 1:19:17]} Qf7 {[%clk 1:12:25]} 9. Qxf7+
{[%clk 1:17:41]} Kxf7 {[%clk 1:12:47]} 10. Nge2 {[%clk 1:17:46]} Nh6
{[%clk 1:09:44]} 11. a3 {[%clk 1:16:17]} Ba5 {[%clk 1:07:00]} 12. h3
{[%clk 1:15:37]} f5 {[%clk 1:06:42]} 13. O-O-O {[%clk 1:11:45]} Rag8
{[%clk 1:01:38]} 14. Rdg1 {[%clk 1:10:56]} Kf8 {[%clk 0:59:46]} 15. g4
{[%clk 1:10:21]} g6 {[%clk 0:59:28]} 16. Nb1 {[%clk 1:08:29]} Nf7
{[%clk 0:55:51]} 17. Nd2 {[%clk 1:08:38]} Ne7 {[%clk 0:45:56]} 18. Nf3
{[%clk 1:07:32]} a6 {[%clk 0:37:56]} 19. Bf2 {[%clk 1:01:09]} h6 {[%clk 0:37:34]}
20. b4 {[%clk 0:59:11]} Bb6 {[%clk 0:37:36]} 21. Nc3 {[%clk 0:57:29]} Rg7
{[%clk 0:21:38]} 22. Kd2 {[%clk 0:52:55]} Rhg8 {[%clk 0:16:30]} 23. Ke2
{[%clk 0:47:40]} Ba7 {[%clk 0:14:48]} 24. gxf5 {[%clk 0:43:05]} gxf5
{[%clk 0:13:37]} 25. Rxg7 {[%clk 0:43:20]} Rxg7 26. a4 {[%clk 0:37:57]} Nd8
{[%clk 0:09:35]} 27. b5 {[%clk 0:37:40]} a5 {[%clk 0:09:52]} 28. Bh4
{[%clk 0:37:16]} Be8 {[%clk 0:09:41]} 29. Bf6 {[%clk 0:35:40]} Rg8
{[%clk 0:09:36]} 30. Kf2 {[%clk 0:35:33]} Bh5 {[%clk 0:09:48]} 31. Ne2
{[%clk 0:35:47]} Nf7 {[%clk 0:07:20]} 32. c3 {[%clk 0:35:28]} Nc8
{[%clk 0:05:47]} 33. Ng3 {[%clk 0:33:45]} Bxf3 {[%clk 0:04:49]} 34. Kxf3
{[%clk 0:34:09]} Nb6 {[%clk 0:04:45]} 35. Nh5 {[%clk 0:30:26]} Nd7
{[%clk 0:03:40]} 36. Bh4 {[%clk 0:29:32]} Nh8 {[%clk 0:03:45]} 37. Nf6
{[%clk 0:27:36]} Nxf6 {[%clk 0:03:21]} 38. Bxf6 {[%clk 0:27:59]} Ng6
{[%clk 0:00:45]} 39. c4 {[%clk 0:27:59]} Ne7 {[%clk 0:00:45]} 40. c5
{[%clk 0:27:59]} Kf7 41. Be2 Rg6 {[%clk 0:00:45]} 42. Bh4 {[%clk 0:25:37]} Ke8
{[%clk 0:00:45]} 43. Kf2 {[%clk 0:25:17]} Kd7 {[%clk 0:01:11]} 44. Bh5
{[%clk 0:25:25]} Rg8 {[%clk 0:01:36]} 45. Rg1 {[%clk 0:23:31]} Rxg1
{[%clk 0:01:46]} 46. Kxg1 {[%clk 0:23:56]} Nc8 {[%clk 0:01:50]} 47. Bf7
{[%clk 0:19:21]} c6 {[%clk 0:02:10]} 48. bxc6+ {[%clk 0:19:13]} bxc6
{[%clk 0:02:35]} 49. Kf2 {[%clk 0:19:07]} Bb8 {[%clk 0:02:24]} 50. Bf6
{[%clk 0:19:26]} Bc7 {[%clk 0:01:40]} 51. Bg7 {[%clk 0:19:30]} Na7
{[%clk 0:01:42]} 52. Bxh6 {[%clk 0:18:09]} Nb5 {[%clk 0:02:08]} 53. Ke3
{[%clk 0:17:04]} Nc3 {[%clk 0:02:24]} 54. Kd3 {[%clk 0:17:05]} Nxa4
{[%clk 0:01:06]} 55. Kc2 {[%clk 0:17:14]} Bd8 {[%clk 0:01:09]} 56. Kb3
{[%clk 0:16:44]} Nb6 {[%clk 0:01:01]} 57. cxb6 {[%clk 0:17:06]} Bxb6
{[%clk 0:01:27]} 58. h4 {[%clk 0:17:08]} Bxd4 {[%clk 0:01:44]} 59. h5
{[%clk 0:17:32]} c5 {[%clk 0:01:59]} 60. Bg5 {[%clk 0:12:56]} c4+
{[%clk 0:02:02]} 61. Kc2 {[%clk 0:12:44]} a4 {[%clk 0:00:56]} 62. h6
{[%clk 0:12:52]} a3 {[%clk 0:01:01]} 63. h7 {[%clk 0:12:29]} a2 {[%clk 0:01:28]}
64. h8=Q {[%clk 0:12:49]} a1=Q {[%clk 0:01:47]} 65. Bxe6+ {[%clk 0:12:47]} Kc7
{[%clk 0:02:03]} 66. Qd8+ {[%clk 0:12:56]} Kb7 {[%clk 0:01:45]} 67. Bxd5+
{[%clk 0:12:52]} Ka7 {[%clk 0:01:59]} 68. Qc7+ {[%clk 0:13:11]} Ka6
{[%clk 0:02:19]} 69. Bxc4# {[%clk 0:13:34]} 1-0

[Event "16 Dubai Open 2014"]
[Site "Dubai Chess Club"]
[Date "2014.04.07"]
[Round "1"]
[Board "19"]
[White "Siva, Mahadevan"]
[Black "Volkov, Sergey"]
[Result "1/2-1/2"]
[WhiteElo "2105"]
[BlackElo "2600"]
[PlyCount "0"]
[EventDate "2014.04.07"]
[EventRounds "9"]
[EventCountry "UAE"]

1. e4 {[%clk 1:30:57]} e6 {[%clk 1:30:52]} 2. d4 {[%clk 1:31:20]} d5
{[%clk 1:31:14]} 3. Nd2 {[%clk 1:31:40]} Nf6 {[%clk 1:30:02]} 4. e5
{[%clk 1:32:01]} Nfd7 {[%clk 1:30:27]} 5. c3 {[%clk 1:32:05]} c5 {[%clk 1:30:35]}
6. Bd3 {[%clk 1:32:13]} Nc6 {[%clk 1:30:08]} 7. Ngf3 {[%clk 1:32:11]} a6
{[%clk 1:29:22]} 8. O-O {[%clk 1:32:01]} g5 {[%clk 1:29:42]} 9. Nb3
{[%clk 1:31:50]} h6 {[%clk 1:27:54]} 10. Nxc5 {[%clk 1:23:03]} Nxc5
{[%clk 1:26:13]} 11. dxc5 {[%clk 1:23:30]} Bxc5 {[%clk 1:25:17]} 12. Qe2
{[%clk 1:05:03]} Qc7 {[%clk 1:14:59]} 13. h3 {[%clk 1:02:21]} Bf8
{[%clk 1:04:17]} 14. Re1 {[%clk 0:51:40]} Bg7 {[%clk 1:02:13]} 15. Bd2
{[%clk 0:49:30]} O-O {[%clk 0:53:51]} 16. c4 {[%clk 0:18:51]} dxc4
{[%clk 0:51:53]} 17. Bxc4 {[%clk 0:19:13]} Rd8 {[%clk 0:52:07]} 18. Rad1
{[%clk 0:17:46]} b5 {[%clk 0:48:21]} 19. Bd3 {[%clk 0:12:52]} Bb7
{[%clk 0:46:48]} 20. Qe4 {[%clk 0:11:57]} Kf8 {[%clk 0:43:05]} 21. Qh7
{[%clk 0:10:41]} Rd7 {[%clk 0:38:48]} 22. Rc1 {[%clk 0:08:10]} Rad8
{[%clk 0:37:37]} 23. Rc3 {[%clk 0:04:50]} a5 {[%clk 0:23:45]} 24. Be3
{[%clk 0:04:16]} Rd5 {[%clk 0:19:55]} 25. Bc5+ {[%clk 0:03:17]} Ne7
{[%clk 0:14:43]} 26. Bd6 {[%clk 0:03:26]} Qd7 {[%clk 0:14:27]} 27. Rc7
{[%clk 0:01:46]} Qxc7 {[%clk 0:14:27]} 28. Bxc7 {[%clk 0:01:46]} Rxd3
{[%clk 0:14:27]} 29. Bxd8 {[%clk 0:01:46]} Rxd8 {[%clk 0:14:27]} 30. Qc2 Bxf3 31.
gxf3 {[%clk 0:01:46]} Ng6 {[%clk 0:13:00]} 32. Rd1 {[%clk 0:01:41]} Re8
{[%clk 0:13:16]} 33. Qc5+ {[%clk 0:01:58]} Kg8 {[%clk 0:13:42]} 34. Qxb5
{[%clk 0:02:02]} Rc8 {[%clk 0:14:08]} 35. Qd7 {[%clk 0:01:00]} Rb8
{[%clk 0:14:25]} 36. Qc7 {[%clk 0:00:44]} Rxb2 {[%clk 0:14:39]} 37. Rd8+
{[%clk 0:00:46]} Bf8 {[%clk 0:13:30]} 38. Qxa5 {[%clk 0:00:44]} Rb1+
{[%clk 0:11:21]} 39. Kh2 {[%clk 0:00:57]} Rb2 {[%clk 0:11:46]} 40. Rd2
{[%clk 0:00:49]} Rb1 {[%clk 0:12:09]} 41. Qc3 {[%clk 0:00:37]} Bg7
{[%clk 0:12:17]} 42. Re2 {[%clk 0:00:59]} Rb5 {[%clk 0:12:26]} 43. a4
{[%clk 0:00:43]} Rd5 {[%clk 0:11:41]} 44. a5 {[%clk 0:00:49]} Nxe5
{[%clk 0:12:08]} 45. Qc8+ {[%clk 0:00:41]} Kh7 {[%clk 0:12:34]} 46. Qc2+
{[%clk 0:00:41]} f5 {[%clk 0:12:49]} 47. Qc7 {[%clk 0:00:35]} Nxf3+
{[%clk 0:08:45]} 48. Kg2 {[%clk 0:00:59]} Nh4+ {[%clk 0:09:04]} 49. Kf1
{[%clk 0:01:09]} Nf3 {[%clk 0:09:12]} 50. Rxe6 {[%clk 0:00:41]} Rd1+
{[%clk 0:09:28]} 51. Kg2 {[%clk 0:00:52]} Nh4+ {[%clk 0:09:06]} 52. Kh2
{[%clk 0:01:17]} Nf3+ {[%clk 0:09:24]} 53. Kg3 {[%clk 0:00:56]} Nd4
{[%clk 0:09:34]} 54. Re3 {[%clk 0:00:45]} f4+ {[%clk 0:09:45]} 55. Kg4
{[%clk 0:00:54]} fxe3 {[%clk 0:06:49]} 56. fxe3 {[%clk 0:01:23]} Rg1+
{[%clk 0:06:46]} 57. Kh5 {[%clk 0:01:48]} Ne6 {[%clk 0:06:23]} 58. Qc2+
{[%clk 0:02:07]} Kh8 {[%clk 0:06:47]} 59. Qc8+ {[%clk 0:02:22]} Nf8
{[%clk 0:07:11]} 60. a6 {[%clk 0:02:38]} Ra1 {[%clk 0:06:40]} 61. Qb7
{[%clk 0:02:52]} Ra4 {[%clk 0:04:49]} 62. e4 {[%clk 0:03:21]} Kh7
{[%clk 0:03:59]} 63. a7 {[%clk 0:03:32]} Ng6 {[%clk 0:04:24]} 64. a8=Q
{[%clk 0:03:38]} Rxa8 {[%clk 0:04:41]} 65. Qxa8 {[%clk 0:04:07]} Ne5
{[%clk 0:05:05]} 66. Qe8 {[%clk 0:04:01]} Bf6 {[%clk 0:04:25]} 67. Qf8
{[%clk 0:03:14]} Bg7 {[%clk 0:04:45]} 68. Qd8 {[%clk 0:02:52]} Bh8
{[%clk 0:04:58]} 69. Qe7+ {[%clk 0:03:07]} Bg7 {[%clk 0:05:21]} 70. Qd8
{[%clk 0:02:30]} Bh8 {[%clk 0:05:43]} 71. Qc8 {[%clk 0:02:16]} Bg7
{[%clk 0:05:41]} 72. Qc1 {[%clk 0:01:43]} Kg8 {[%clk 0:05:32]} 73. Qf1
{[%clk 0:01:10]} Kh7 {[%clk 0:05:05]} 74. Qf2 {[%clk 0:00:56]} Kh8
{[%clk 0:04:45]} 75. Qf5 {[%clk 0:01:14]} Kg8 {[%clk 0:05:01]} 76. Qe6+
{[%clk 0:01:37]} Kh7 {[%clk 0:02:52]} 77. Qe8 {[%clk 0:01:28]} Bh8
{[%clk 0:02:20]} 78. Qf8 {[%clk 0:01:11]} Bg7 {[%clk 0:02:44]} 79. Qc8
{[%clk 0:01:24]} Nd3 {[%clk 0:01:18]} 80. Kg4 {[%clk 0:01:

[Event "16 Dubai Open 2014"]
[Site "Dubai Chess Club"]
[Date "2014.04.07"]
[Round "1"]
[Board "20"]
[White "Bachmann, Axel"]
[Black "Moayed, Obied"]
[Result "1-0"]
[WhiteElo "2598"]
[BlackElo "2102"]
[PlyCount "0"]
[EventDate "2014.04.07"]
[EventRounds "9"]
[EventCountry "UAE"]

1. e4 {[%clk 1:30:45]} c5 {[%clk 1:30:38]} 2. Nc3 {[%clk 1:31:00]} g6
{[%clk 1:30:48]} 3. d4 {[%clk 1:30:13]} cxd4 {[%clk 1:29:13]} 4. Qxd4
{[%clk 1:30:36]} Nf6 {[%clk 1:29:09]} 5. Bg5 {[%clk 1:25:49]} Nc6
{[%clk 1:27:36]} 6. Qd2 {[%clk 1:26:10]} Bg7 {[%clk 1:25:59]} 7. Bc4
{[%clk 1:24:20]} d6 {[%clk 1:19:03]} 8. f3 {[%clk 1:22:10]} Bd7 {[%clk 1:15:30]}
9. Bb3 {[%clk 1:21:20]} O-O {[%clk 0:52:20]} 10. Nge2 {[%clk 1:21:27]} Qa5
{[%clk 0:49:19]} 11. Bh6 {[%clk 1:20:01]} b5 {[%clk 0:35:41]} 12. h4
{[%clk 1:19:26]} Ne5 {[%clk 0:33:34]} 13. h5 {[%clk 1:17:46]} Nc4
{[%clk 0:32:05]} 14. Qg5 {[%clk 1:13:45]} Rfc8 {[%clk 0:18:09]} 15. hxg6
{[%clk 1:12:14]} fxg6 {[%clk 0:18:14]} 16. Bxg7 {[%clk 1:12:26]} Kxg7
{[%clk 0:18:25]} 17. O-O-O {[%clk 1:12:25]} Qb6 {[%clk 0:10:52]} 18. Bxc4
{[%clk 1:11:09]} Rxc4 {[%clk 0:09:46]} 19. Nd5 {[%clk 1:10:48]} Qc5
{[%clk 0:07:09]} 20. Kb1 {[%clk 1:11:07]} Rh8 {[%clk 0:03:28]} 21. Nef4
{[%clk 1:09:55]} Kf7 {[%clk 0:02:00]} 22. Rxh7+ {[%clk 1:09:21]} Rxh7
{[%clk 0:01:56]} 23. Qxg6+ {[%clk 1:09:44]} Kf8 {[%clk 0:02:01]} 24. Nxf6
{[%clk 1:10:08]} exf6 {[%clk 0:02:20]} 25. Qxh7 {[%clk 1:10:29]} Ke8
{[%clk 0:01:49]} 26. Qg8+ {[%clk 1:10:49]} 1-0

[Event "16 Dubai Open 2014"]
[Site "Dubai Chess Club"]
[Date "2014.04.07"]
[Round "1"]
[Board "21"]
[White "Partac, Elena"]
[Black "Lalith, Babu M.R."]
[Result "1/2-1/2"]
[WhiteElo "2101"]
[BlackElo "2594"]
[PlyCount "0"]
[EventDate "2014.04.07"]
[EventRounds "9"]
[EventCountry "UAE"]

1. e4 {[%clk 1:30:29]} c6 {[%clk 1:30:55]} 2. d4 {[%clk 1:30:56]} d5
{[%clk 1:31:22]} 3. exd5 {[%clk 1:31:23]} cxd5 {[%clk 1:31:48]} 4. Bd3
{[%clk 1:31:49]} Nc6 {[%clk 1:32:14]} 5. c3 {[%clk 1:32:16]} Qc7 {[%clk 1:32:39]}
6. Ne2 {[%clk 1:32:17]} Bg4 {[%clk 1:33:02]} 7. O-O {[%clk 1:32:14]} e6
{[%clk 1:31:52]} 8. f3 {[%clk 1:32:39]} Bh5 {[%clk 1:32:18]} 9. Bf4
{[%clk 1:33:06]} Bd6 {[%clk 1:32:43]} 10. Qd2 {[%clk 1:32:52]} Bg6
{[%clk 1:32:19]} 11. Bxd6 {[%clk 1:26:48]} Qxd6 {[%clk 1:32:44]} 12. Nf4
{[%clk 1:27:13]} Nge7 {[%clk 1:33:06]} 13. Na3 {[%clk 1:24:22]} a6
{[%clk 1:24:37]} 14. Rae1 {[%clk 1:21:19]} O-O {[%clk 1:23:12]} 15. Nxg6
{[%clk 1:13:52]} hxg6 {[%clk 1:23:24]} 16. f4 {[%clk 1:13:49]} Rfe8
{[%clk 1:11:29]} 17. Nc2 {[%clk 1:09:00]} b5 {[%clk 1:06:46]} 18. Rf3
{[%clk 0:58:54]} Qd8 {[%clk 1:00:53]} 19. Rh3 {[%clk 0:51:00]} Nf5
{[%clk 1:00:56]} 20. Bxf5 {[%clk 0:28:29]} gxf5 {[%clk 1:00:45]} 21. Qe2
{[%clk 0:28:48]} g6 {[%clk 0:59:26]} 22. a3 {[%clk 0:29:01]} Kg7 {[%clk 0:52:30]}
23. Nb4 {[%clk 0:23:44]} Qb6 {[%clk 0:49:51]} 24. Nxc6 {[%clk 0:20:36]} Qxc6
{[%clk 0:50:15]} 25. Qe5+ {[%clk 0:20:53]} f6 {[%clk 0:50:39]} 26. Qe2
{[%clk 0:18:52]} Qd6 {[%clk 0:49:24]} 27. Re3 {[%clk 0:17:59]} Kf7
{[%clk 0:49:48]} 28. Qf3 {[%clk 0:17:37]} Re7 {[%clk 0:48:35]} 29. Qh3
{[%clk 0:12:57]} Kg7 {[%clk 0:48:38]} 30. Qg3 {[%clk 0:13:22]} Rh8
{[%clk 0:48:31]} 31. R1e2 {[%clk 0:13:44]} Kf7 32. h4 {[%clk 0:11:37]} Rh5
{[%clk 0:47:17]} 33. Qe1 {[%clk 0:07:54]} g5 {[%clk 0:42:40]} 34. hxg5
{[%clk 0:07:54]} fxg5 {[%clk 0:39:06]} 35. Re5 {[%clk 0:08:11]} gxf4
{[%clk 0:33:24]} 36. Qf2 {[%clk 0:08:19]} Qd8 {[%clk 0:33:36]} 37. Qxf4
{[%clk 0:08:17]} Qh8 {[%clk 0:33:55]} 38. Kf2 {[%clk 0:06:43]} Qf6
{[%clk 0:31:56]} 39. g3 {[%clk 0:06:20]} Qg6 {[%clk 0:32:07]} 40. Ke1
{[%clk 0:05:01]} Qg5 {[%clk 0:30:42]} 41. Qxg5 {[%clk 0:00:57]} Rxg5
{[%clk 0:30:42]} 42. R5e3 {[%clk 0:00:57]} Rg4 {[%clk 0:30:42]} 43. Rh2
{[%clk 0:00:57]} Kg7 {[%clk 0:30:42]} 44. Kf2 Re4 45. Re1 {[%clk 0:00:57]} Rxe1
{[%clk 0:22:21]} 46. Kxe1 {[%clk 0:01:26]} a5 {[%clk 0:22:46]} 47. b4
{[%clk 0:00:50]} axb4 {[%clk 0:22:52]} 48. axb4 {[%clk 0:01:18]} Ra7
{[%clk 0:23:02]} 49. Re2 {[%clk 0:01:37]} Kf6 {[%clk 0:22:49]} 50. Kf2
{[%clk 0:01:35]} Ra1 {[%clk 0:23:00]} 51. Kg2 {[%clk 0:00:55]} Rc1
{[%clk 0:22:33]} 52. Re3 {[%clk 0:01:20]} Rc2+ {[%clk 0:22:18]} 53. Kf3
{[%clk 0:01:30]} Kg5 {[%clk 0:16:30]} 54. Rd3 {[%clk 0:01:52]} Rc1
{[%clk 0:11:50]} 55. Re3 {[%clk 0:02:21]} Kf6 {[%clk 0:12:15]} 56. Kg2
{[%clk 0:02:01]} Rc2+ {[%clk 0:07:44]} 57. Kf3 {[%clk 0:02:27]} Rd2
{[%clk 0:08:11]} 58. Re1 {[%clk 0:02:38]} Ra2 {[%clk 0:08:09]} 59. Re3
{[%clk 0:02:37]} Rc2 {[%clk 0:07:49]} 60. Rd3 {[%clk 0:02:29]} Kg5
{[%clk 0:07:51]} 61. Re3 {[%clk 0:02:10]} Rc1 {[%clk 0:08:16]} 62. Kg2
{[%clk 0:01:01]} Kg4 {[%clk 0:08:32]} 63. Kf2 {[%clk 0:00:34]} Rc2+
{[%clk 0:08:43]} 64. Kf1 {[%clk 0:00:32]} Kh3 {[%clk 0:08:10]} 65. Rxe6
{[%clk 0:00:34]} Kxg3 {[%clk 0:08:35]} 66. Re3+ {[%clk 0:00:37]} Kg4
{[%clk 0:05:34]} 67. Ke1 {[%clk 0:00:46]} f4 {[%clk 0:04:32]} 68. Re5
{[%clk 0:00:51]} Kf3 {[%clk 0:03:29]} 69. Rxd5 {[%clk 0:00:41]} Rxc3
{[%clk 0:02:46]} 70. Rxb5 {[%clk 0:01:08]} Rc4 {[%clk 0:03:11]} 71. Re5
{[%clk 0:00:32]} Rxb4 {[%clk 0:03:18]} 72. d5 {[%clk 0:00:32]} Rd4
{[%clk 0:02:58]} 73. Rh5 {[%clk 0:00:33]} Re4+ {[%clk 0:02:01]} 74. Kd2
{[%clk 0:00:35]} Kg4 {[%clk 0:02:23]} 75. Rh8 {[%clk 0:00:31]} f3
{[%clk 0:01:46]} 76. Rg8+ {[%clk 0:00:47]} Kh3 {[%clk 0:01:33]} 77. Rf8
{[%clk 0:00:40]} Kg2 {[%clk 0:01:42]} 78. Kd3 {[%clk 0:00:33]} Re1
{[%clk 0:02:00]} 79. Rg8+ {[%clk 0:00:41]} Kf1 {[%clk 0:02:05]} 80. d6
{[%clk 0:00:48]} f2 {[%clk 0:01:23]

[Event "16 Dubai Open 2014"]
[Site "Dubai Chess Club"]
[Date "2014.04.07"]
[Round "1"]
[Board "22"]
[White "Bogner, Sebastian"]
[Black "Ahmed, Al Khatib"]
[Result "1-0"]
[WhiteElo "2587"]
[BlackElo "2101"]
[PlyCount "0"]
[EventDate "2014.04.07"]
[EventRounds "9"]
[EventCountry "UAE"]

1. Nf3 {[%clk 1:30:50]} g6 {[%clk 1:30:18]} 2. d4 {[%clk 1:31:01]} Nf6
{[%clk 1:30:32]} 3. c4 {[%clk 1:31:21]} Bg7 {[%clk 1:30:54]} 4. Nc3
{[%clk 1:31:47]} O-O {[%clk 1:31:03]} 5. e4 {[%clk 1:32:13]} d6 {[%clk 1:31:22]}
6. Be2 {[%clk 1:32:39]} Na6 {[%clk 1:31:34]} 7. Be3 {[%clk 1:32:07]} e5
{[%clk 1:24:13]} 8. O-O {[%clk 1:32:07]} Ng4 {[%clk 1:22:26]} 9. Bg5
{[%clk 1:32:31]} Qe8 {[%clk 1:22:33]} 10. Re1 {[%clk 1:32:02]} exd4
{[%clk 1:19:17]} 11. Nd5 {[%clk 1:32:25]} c6 {[%clk 0:58:15]} 12. Ne7+
{[%clk 1:32:17]} Kh8 {[%clk 0:58:41]} 13. Nxc8 {[%clk 1:32:07]} Rxc8
{[%clk 0:58:55]} 14. Nxd4 {[%clk 1:31:58]} Nf6 {[%clk 0:56:52]} 15. f3
{[%clk 1:31:33]} Nc5 {[%clk 0:49:25]} 16. Be3 {[%clk 1:29:36]} Qe7
{[%clk 0:35:32]} 17. Qd2 {[%clk 1:25:08]} Rfe8 {[%clk 0:33:44]} 18. Bf1
{[%clk 1:24:52]} Rcd8 {[%clk 0:24:10]} 19. b4 {[%clk 1:22:21]} Ncd7
{[%clk 0:20:13]} 20. Nb3 {[%clk 1:20:09]} Nb6 {[%clk 0:15:00]} 21. Rad1
{[%clk 1:10:20]} Qe6 {[%clk 0:11:46]} 22. Qc2 {[%clk 1:06:05]} Qc8
{[%clk 0:08:34]} 23. Bg5 {[%clk 1:02:56]} h6 {[%clk 0:06:48]} 24. Bf4
{[%clk 1:02:54]} d5 {[%clk 0:04:34]} 25. exd5 {[%clk 1:03:13]} cxd5
{[%clk 0:03:53]} 26. c5 {[%clk 1:03:40]} Nbd7 {[%clk 0:02:47]} 27. Qd2
{[%clk 1:01:42]} Kh7 {[%clk 0:03:04]} 28. Be2 {[%clk 1:00:29]} Ne5
{[%clk 0:02:19]} 29. Nd4 {[%clk 0:59:48]} Nh5 {[%clk 0:02:18]} 30. Be3
{[%clk 0:58:53]} Nc4 {[%clk 0:02:22]} 31. Bxc4 {[%clk 0:59:18]} dxc4
{[%clk 0:02:50]} 32. Qc1 Rxd4 {[%clk 0:02:11]} 33. Rxd4 {[%clk 0:58:33]} Bxd4
{[%clk 0:02:37]} 34. Bxd4 {[%clk 0:58:56]} Rxe1+ {[%clk 0:02:37]} 35. Qxe1
{[%clk 0:59:24]} Qd7 {[%clk 0:02:25]} 36. Qe5 {[%clk 0:59:18]} f6
{[%clk 0:01:39]} 37. Qe4 {[%clk 0:57:03]} Qf7 {[%clk 0:01:21]} 38. b5
{[%clk 0:46:44]} Ng7 {[%clk 0:01:46]} 39. c6 {[%clk 0:46:02]} bxc6
{[%clk 0:02:14]} 40. bxc6 {[%clk 0:46:28]} Ne8 {[%clk 0:02:02]} 41. h4
{[%clk 0:45:50]} h5 {[%clk 0:00:54]} 42. Bc3 {[%clk 0:45:13]} Nc7
{[%clk 0:00:35]} 43. Qd4 {[%clk 0:45:28]} Nb5 {[%clk 0:00:47]} 44. Qxf6 Qxf6 45.
Bxf6 {[%clk 0:45:46]} a6 {[%clk 0:00:42]} 46. Be5 {[%clk 0:45:53]} Kg8
{[%clk 0:01:05]} 47. c7 {[%clk 0:45:36]} Na7 {[%clk 0:01:30]} 48. Kf2 Kf7 49. Ke3
{[%clk 0:45:36]} Ke6 {[%clk 0:02:04]} 50. Ke4 {[%clk 0:44:47]} Kd7
{[%clk 0:02:11]} 51. Kd5 {[%clk 0:44:35]} Nc6 {[%clk 0:01:58]} 52. c8=Q+
{[%clk 0:44:58]} 1-0

[Event "16 Dubai Open 2014"]
[Site "Dubai Chess Club"]
[Date "2014.04.07"]
[Round "1"]
[Board "23"]
[White "Al-Subaihi, Khalil"]
[Black "Jumabayev, Rinat"]
[Result "0-1"]
[WhiteElo "2099"]
[BlackElo "2580"]
[PlyCount "0"]
[EventDate "2014.04.07"]
[EventRounds "9"]
[EventCountry "UAE"]

1. e4 {[%clk 1:30:49]} c5 {[%clk 1:30:27]} 2. Nf3 {[%clk 1:31:11]} d6
{[%clk 1:30:25]} 3. d4 {[%clk 1:31:34]} Nf6 {[%clk 1:30:49]} 4. Nc3
{[%clk 1:31:57]} cxd4 {[%clk 1:31:15]} 5. Nxd4 {[%clk 1:32:20]} Nc6
{[%clk 1:30:16]} 6. Bc4 {[%clk 1:32:22]} Qb6 {[%clk 1:30:42]} 7. Nb3
{[%clk 1:29:36]} e6 {[%clk 1:30:52]} 8. Be3 {[%clk 1:27:28]} Qc7 {[%clk 1:31:17]}
9. a4 {[%clk 1:19:31]} Be7 {[%clk 1:27:44]} 10. O-O {[%clk 1:16:48]} O-O
{[%clk 1:27:42]} 11. Qe2 {[%clk 1:10:38]} b6 {[%clk 0:57:34]} 12. Rad1
{[%clk 0:58:14]} Bb7 {[%clk 0:51:53]} 13. Bg5 {[%clk 0:48:17]} Rfd8
{[%clk 0:41:00]} 14. Nb5 {[%clk 0:39:00]} Qb8 {[%clk 0:40:12]} 15. f4
{[%clk 0:37:34]} a6 {[%clk 0:33:36]} 16. Nc3 {[%clk 0:34:59]} Qc7
{[%clk 0:33:23]} 17. Bd3 {[%clk 0:28:12]} Nb4 {[%clk 0:27:31]} 18. Rf3 h6
{[%clk 0:21:35]} 19. Rh3 {[%clk 0:10:06]} hxg5 {[%clk 0:13:47]} 20. fxg5
{[%clk 0:10:25]} g6 {[%clk 0:13:44]} 21. gxf6 {[%clk 0:10:20]} Bxf6
{[%clk 0:14:06]} 22. Qg4 {[%clk 0:05:48]} Nc6 {[%clk 0:12:24]} 23. Rf1
{[%clk 0:05:14]} Qe7 {[%clk 0:11:50]} 24. Qf4 {[%clk 0:02:51]} Bg7
{[%clk 0:11:50]} 25. Qf2 {[%clk 0:02:51]} b5 {[%clk 0:11:50]} 26. axb5
{[%clk 0:02:51]} axb5 {[%clk 0:11:50]} 27. Bxb5 {[%clk 0:02:51]} Ne5
{[%clk 0:11:50]} 28. Qh4 {[%clk 0:02:51]} Qxh4 {[%clk 0:11:50]} 29. Rxh4
{[%clk 0:01:55]} Rab8 {[%clk 0:09:20]} 30. Be2 {[%clk 0:01:58]} Ba8
{[%clk 0:07:24]} 31. Ra1 {[%clk 0:02:00]} Nc6 {[%clk 0:06:19]} 32. Rd1
{[%clk 0:01:23]} Nb4 {[%clk 0:06:03]} 33. Bd3 {[%clk 0:01:11]} Rdc8
{[%clk 0:06:02]} 34. e5 {[%clk 0:00:53]} Bxe5 {[%clk 0:06:12]} 35. Be4
{[%clk 0:00:38]} Bxe4 {[%clk 0:05:38]} 36. Rxe4 {[%clk 0:00:57]} Nxc2
{[%clk 0:05:53]} 37. Na5 {[%clk 0:00:34]} Rxb2 {[%clk 0:03:49]} 38. Nc4
{[%clk 0:00:53]} Rxc4 {[%clk 0:02:48]} 39. Rxc4 {[%clk 0:01:20]} Ne3
{[%clk 0:03:12]} 40. Rc8+ {[%clk 0:01:45]} Kg7 {[%clk 0:03:39]} 41. Re1
{[%clk 0:01:26]} Rxg2+ {[%clk 0:03:56]} 42. Kh1 {[%clk 0:01:53]} Rxh2+
{[%clk 0:04:18]} 43. Kg1 {[%clk 0:02:21]} Rh3 {[%clk 0:03:42]} 44. Ne4
{[%clk 0:01:47]} d5 {[%clk 0:03:52]} 45. Nf2 {[%clk 0:02:05]} Rg3+
{[%clk 0:03:52]} 46. Kh1 {[%clk 0:02:33]} Rf3 {[%clk 0:04:07]} 47. Nd3
{[%clk 0:02:46]} Rh3+ {[%clk 0:04:14]} 48. Kg1 {[%clk 0:03:11]} Bh2+
{[%clk 0:04:41]} 49. Kf2 {[%clk 0:03:34]} Bg3+ {[%clk 0:05:02]} 0-1

[Event "16 Dubai Open 2014"]
[Site "Dubai Chess Club"]
[Date "2014.04.07"]
[Round "1"]
[Board "24"]
[White "Brkic, Ante"]
[Black "Asmar, Elie"]
[Result "1-0"]
[WhiteElo "2568"]
[BlackElo "2062"]
[PlyCount "0"]
[EventDate "2014.04.07"]
[EventRounds "9"]
[EventCountry "UAE"]

1. e4 {[%clk 1:30:55]} d6 {[%clk 1:30:37]} 2. d4 {[%clk 1:31:17]} Nf6
{[%clk 1:31:05]} 3. Nc3 {[%clk 1:31:37]} e5 {[%clk 1:31:29]} 4. dxe5
{[%clk 1:29:39]} dxe5 {[%clk 1:31:57]} 5. Qxd8+ {[%clk 1:29:59]} Kxd8
{[%clk 1:32:24]} 6. Nf3 {[%clk 1:30:14]} Bd6 {[%clk 1:30:59]} 7. Be3
{[%clk 1:30:34]} Be6 {[%clk 1:30:45]} 8. Ng5 {[%clk 1:30:41]} c6 {[%clk 1:28:35]}
9. f3 {[%clk 1:22:18]} Ke7 {[%clk 1:28:23]} 10. Nxe6 {[%clk 1:22:39]} fxe6
{[%clk 1:26:37]} 11. Nb1 {[%clk 1:10:17]} Nbd7 {[%clk 1:25:32]} 12. a4
{[%clk 1:10:34]} Bc5 {[%clk 1:22:49]} 13. Bd2 {[%clk 1:09:12]} a5
{[%clk 1:11:17]} 14. Na3 {[%clk 1:09:02]} Nb6 {[%clk 1:10:59]} 15. Nc4
{[%clk 1:08:24]} Nxc4 {[%clk 1:11:26]} 16. Bxc4 {[%clk 1:08:48]} Rhd8
{[%clk 1:02:58]} 17. Ke2 {[%clk 1:08:43]} h6 {[%clk 0:53:10]} 18. Ra2
{[%clk 0:58:41]} Rd7 {[%clk 0:33:04]} 19. Rb1 {[%clk 0:57:23]} b6
{[%clk 0:19:22]} 20. c3 {[%clk 0:55:29]} Rf8 {[%clk 0:18:15]} 21. b4
{[%clk 0:52:52]} axb4 {[%clk 0:17:43]} 22. cxb4 {[%clk 0:53:18]} Bd4
{[%clk 0:17:58]} 23. Bd3 g5 24. a5 {[%clk 0:32:26]} g4 {[%clk 0:15:59]} 25. Rf1
{[%clk 0:31:53]} Rg8 {[%clk 0:11:32]} 26. g3 {[%clk 0:31:17]} gxf3+
{[%clk 0:11:31]} 27. Rxf3 {[%clk 0:29:21]} Rg4 {[%clk 0:11:44]} 28. h3
{[%clk 0:26:50]} Rg6 {[%clk 0:11:21]} 29. Rc2 {[%clk 0:21:51]} Kd6
{[%clk 0:10:59]} 30. b5 {[%clk 0:21:35]} c5 {[%clk 0:07:41]} 31. axb6
{[%clk 0:17:30]} Rb7 {[%clk 0:07:37]} 32. Ra2 {[%clk 0:17:56]} c4
{[%clk 0:06:13]} 33. Bxc4 Nxe4 34. Bb4+ {[%clk 0:15:11]} Nc5 {[%clk 0:02:59]} 35.
Ra7 {[%clk 0:15:00]} Rgg7 {[%clk 0:03:28]} 36. Rf6 {[%clk 0:14:02]} Rge7
{[%clk 0:00:41]} 37. Rxb7 {[%clk 0:12:31]} Rxb7 {[%clk 0:00:50]} 38. Rxe6+
{[%clk 0:12:56]} Kd7 {[%clk 0:01:09]} 39. Rc6 {[%clk 0:12:53]} Ne4
{[%clk 0:00:57]} 40. Be6+ {[%clk 0:13:14]} 1-0